[Event "4NCL Online Division 3"]
[Site "online"]
[Date "2020.05.12"]
[Round "6.113"]
[White "Fletcher, John"]
[Black "Lakhani, Kishan"]
[Result "0-1"]
[WhiteElo "1994"]
[BlackElo "1977"]
[PlyCount "71"]
[EventDate "2020.05.12"]
[WhiteTeam "The Full Ponty"]
[BlackTeam "Harrow 2"]

1. d4 Nf6 2. Nc3 d6 3. e4 g6 4. Be2 Bg7 5. g4 O-O 6. h4 c5 7. g5 Nfd7 8. d5 a6
9. a4 a5 10. h5 Nb6 11. Qd3 Na6 12. Qg3 Nb4 13. Kd1 Re8 14. Nb5 e6 15. c3 Na6
16. Nxd6 Re7 17. e5 exd5 18. f4 Nc4 19. Bxc4 dxc4 20. Kc2 Be6 21. Nf3 Bf5+ 22.
Kd1 Rd7 23. Ke1 Rxd6 24. exd6 Qxd6 25. Kf2 Nc7 26. Be3 Qb6 27. Rad1 Qxb2+ 28.
Rd2 Qxc3 29. Bxc5 Ne6 30. Be3 Qb3 31. Rhd1 c3 32. Rd7 c2 33. R1d5 Qb2 34. hxg6
c1=Q+ 35. Nd2 hxg6 36. Rxf5 0-1

[Event "4NCL Online Division 3"]
[Site "online"]
[Date "2020.05.12"]
[Round "6.114"]
[White "Dhemrait, Jagdeep"]
[Black "Goldrick, Thomas G"]
[Result "1-0"]
[WhiteElo "1982"]
[BlackElo "1879"]
[PlyCount "55"]
[EventDate "2020.05.12"]
[WhiteTeam "Harrow 2"]
[BlackTeam "The Full Ponty"]

1. e4 c5 2. Nc3 e6 3. f4 d5 4. Bb5+ Bd7 5. Bxd7+ Qxd7 6. d3 d4 7. Nce2 Nf6 8.
Nf3 Nc6 9. O-O Be7 10. a3 O-O 11. Qe1 b5 12. h3 c4 13. g4 cxd3 14. cxd3 Bc5 15.
Kh1 Ne8 16. f5 Rc8 17. Qh4 Be7 18. Ng5 h6 19. fxe6 fxe6 20. Rxf8+ Bxf8 21. Nf3
g5 22. Qf2 Bg7 23. h4 gxh4 24. Qxh4 Qd8 25. g5 hxg5 26. Bxg5 Qa5 27. Rg1 Rc7
28. Qg4 1-0

[Event "4NCL Online Division 3"]
[Site "online"]
[Date "2020.05.12"]
[Round "6.121"]
[White "Hosdurga, Chirag"]
[Black "Dicks, Duncan"]
[Result "0-1"]
[WhiteElo "2132"]
[BlackElo "2155"]
[PlyCount "80"]
[EventDate "2020.05.12"]
[WhiteTeam "The Rook1Es"]
[BlackTeam "Stroud The Young"]

1. d4 Nf6 2. c4 e6 3. Nc3 d5 4. Nf3 dxc4 5. e3 a6 6. Bxc4 b5 7. Bd3 Bb7 8. O-O
c5 9. Qe2 Nbd7 10. Rd1 Bd6 11. a4 c4 12. Bb1 b4 13. Na2 Qc7 14. e4 e5 15. dxe5
Nxe5 16. Nxe5 Bxe5 17. f4 Bxf4 18. e5 Bxe5 19. Bf4 Nd7 20. Rxd7 Qxd7 21. Qxe5+
Qe6 22. Nxb4 O-O 23. Qxe6 fxe6 24. g3 a5 25. Nc2 Rad8 26. Ba2 Be4 27. Ne3 Rd2
28. Bxc4 h6 29. Bxe6+ Kh7 30. h4 Rxb2 31. Rd1 Re8 32. Bd7 Re7 33. Bb5 Bf3 34.
Rd7 Re6 35. Bc4 Re8 36. Bd3+ Kg8 37. Bg6 Rc8 38. Be5 Rc1+ 39. Nf1 Rg2+ 40. Kh1
Rxf1# 0-1

[Event "4NCL Online Division 3"]
[Site "online"]
[Date "2020.05.12"]
[Round "6.122"]
[White "Francis, Joel"]
[Black "Stubbs, Oliver"]
[Result "0-1"]
[WhiteElo "1675"]
[BlackElo "2050"]
[PlyCount "36"]
[EventDate "2020.05.12"]
[WhiteTeam "Stroud The Young"]
[BlackTeam "The Rook1Es"]

1. e4 e6 2. d4 d5 3. exd5 exd5 4. Nf3 Nf6 5. Bd3 Bd6 6. Qe2+ Be7 7. Bg5 O-O 8.
O-O Bg4 9. h3 Bh5 10. c3 Re8 11. Nbd2 Nbd7 12. Qd1 c6 13. Qc2 Qc7 14. g3 Bd6
15. Rfe1 Bxg3 16. fxg3 Qxg3+ 17. Kh1 Bxf3+ 18. Nxf3 Qxf3+ 0-1

[Event "4NCL Online Division 3"]
[Site "online"]
[Date "2020.05.12"]
[Round "6.123"]
[White "Gao, Ian"]
[Black "Southcott-Moyers, Indy"]
[Result "1-0"]
[WhiteElo "1907"]
[BlackElo "1442"]
[PlyCount "89"]
[EventDate "2020.05.12"]
[WhiteTeam "The Rook1Es"]
[BlackTeam "Stroud The Young"]

1. Nf3 d5 2. g3 Nf6 3. Bg2 c6 4. O-O Nbd7 5. d4 e6 6. Nbd2 Bd6 7. Re1 O-O 8. c4
b6 9. e4 dxe4 10. Ng5 Bb7 11. Ngxe4 Nxe4 12. Nxe4 Bc7 13. Be3 h6 14. Rc1 Nf6
15. b4 Qe7 16. Nxf6+ Qxf6 17. b5 e5 18. dxe5 Bxe5 19. Qf3 Rac8 20. Qxf6 Bxf6
21. c5 bxc5 22. Bxc5 Rfd8 23. Bxa7 Rd7 24. Bh3 Rdc7 25. Bxc8 Rxc8 26. a4 cxb5
27. Rxc8+ Bxc8 28. Re8+ Kh7 29. Rxc8 bxa4 30. Bc5 Bb2 31. Ra8 a3 32. Bxa3 Bxa3
33. Rxa3 Kg6 34. Ra5 f5 35. Ra6+ Kg5 36. h4+ Kg4 37. Rg6+ Kh3 38. Rxg7 f4 39.
gxf4 h5 40. f5 Kxh4 41. f6 Kh3 42. f7 h4 43. Rh7 Kg4 44. f8=Q Kh3 45. Qf3# 1-0

[Event "4NCL Online Division 3"]
[Site "online"]
[Date "2020.05.12"]
[Round "6.124"]
[White "Carey, Alex"]
[Black "Saunders, Aron"]
[Result "1/2-1/2"]
[WhiteElo "1442"]
[BlackElo "1847"]
[PlyCount "138"]
[EventDate "2020.05.12"]
[WhiteTeam "Stroud The Young"]
[BlackTeam "The Rook1Es"]

1. e4 c6 2. d4 d5 3. Nc3 dxe4 4. Nxe4 Bf5 5. Ng3 Bg6 6. h4 h6 7. Nf3 Nd7 8. Bf4
Qa5+ 9. c3 Ngf6 10. Bd3 Nd5 11. Bc1 Nxc3 12. Qd2 Bxd3 13. bxc3 Bc4 14. Ne2 Bxe2
15. Kxe2 e6 16. Re1 O-O-O 17. Kf1 Bd6 18. Rb1 Nb6 19. Qb2 Rd7 20. Ne5 Bxe5 21.
Rxe5 Qa6+ 22. Kg1 Nc4 23. Qe2 Nxe5 24. Qxe5 Qd3 25. Qxg7 Rh7 26. Qf8+ Rd8 27.
Qb4 f6 28. Bf4 Qb5 29. Qxb5 cxb5 30. Rxb5 b6 31. a4 Kb7 32. Kf1 Rc8 33. Rb3 Rc4
34. a5 h5 35. axb6 axb6 36. Ke2 Kc6 37. Kd3 b5 38. Ra3 Rb7 39. Ra6+ Rb6 40. Ra8
Kb7 41. Rb8+ Ka7 42. Rh8 Rbc6 43. Rh7+ Kb6 44. Bd2 Rd6 45. Be3 Rd5 46. Re7 Rc6
47. Ke4 b4 48. cxb4 Kb5 49. Rxe6 Rxd4+ 50. Bxd4 Rxe6+ 51. Kf5 Re2 52. Kxf6 Re4
53. Bc5 Rxh4 54. Kg5 Rh2 55. g3 Kc6 56. f4 Rh3 57. g4 hxg4 58. Kxg4 Rh7 59. Kg5
Kd5 60. f5 Ke5 61. Kg6 Rb7 62. f6 Ke6 63. Be7 Rc7 64. Kg7 Rxe7+ 65. fxe7 Kxe7
66. Kg6 Kd6 67. Kf5 Kc6 68. Ke4 Kb5 69. Kd4 Kxb4 1/2-1/2

[Event "4NCL Online Division 3"]
[Site "online"]
[Date "2020.05.12"]
[Round "6.131"]
[White "Smith, Simon C"]
[Black "Porter, Sam J"]
[Result "0-1"]
[WhiteElo "1915"]
[BlackElo "1975"]
[PlyCount "92"]
[EventDate "2020.05.12"]
[WhiteTeam "Warley Mighty Quins"]
[BlackTeam "3 Smarties 1 Tube"]

1. Nf3 Nf6 2. c4 e6 3. d4 d5 4. g3 c6 5. Qc2 Be7 6. Bg2 O-O 7. O-O Nbd7 8. b3
b6 9. Bb2 Bb7 10. Nc3 Rc8 11. e4 dxe4 12. Ng5 e3 13. fxe3 h6 14. Nf3 c5 15.
Rad1 a6 16. d5 exd5 17. cxd5 Bd6 18. e4 Re8 19. Rde1 Qc7 20. Nh4 c4 21. Nf5 Be5
22. b4 Nf8 23. Rd1 Rcd8 24. Rfe1 Ng6 25. Kh1 Ne7 26. Ne3 Nc8 27. Qe2 Nd6 28.
Ba1 b5 29. Ng4 Bxc3 30. Bxc3 Nxd5 31. Nxh6+ Kf8 32. Bxg7+ Kxg7 33. Qg4+ Kxh6
34. Qh4+ Kg7 35. Qg5+ Kf8 36. Qh6+ Ke7 37. exd5+ Kd7 38. Bh3+ f5 39. Qh7+ Kc8
40. Bxf5+ Kb8 41. Rxe8 Nxe8 42. Qh8 Ng7 43. Qh7 Rxd5 44. Rxd5 Bxd5+ 45. Be4
Bxe4+ 46. Qxe4 Qb7 0-1

[Event "4NCL Online Division 3"]
[Site "online"]
[Date "2020.05.12"]
[Round "6.132"]
[White "Hookham, Jamie"]
[Black "Singh, Amrik J"]
[Result "1-0"]
[WhiteElo "2029"]
[BlackElo "1870"]
[PlyCount "75"]
[EventDate "2020.05.12"]
[WhiteTeam "3 Smarties 1 Tube"]
[BlackTeam "Warley Mighty Quins"]

1. e4 g6 2. d4 Bg7 3. Nc3 d6 4. Be3 Nd7 5. Nf3 a6 6. Qd2 b5 7. Bd3 Bb7 8. a4 b4
9. Ne2 a5 10. O-O Rc8 11. c3 c5 12. cxb4 cxb4 13. Rac1 Ngf6 14. e5 Ne4 15. Bxe4
Bxe4 16. e6 fxe6 17. Ng5 Bf5 18. Nf4 Nf8 19. Qe2 Rb8 20. g4 h6 21. gxf5 hxg5
22. Nxg6 Nxg6 23. fxg6 Rg8 24. Bxg5 Bxd4 25. Qxe6 Rg7 26. Bh6 Qd7 27. Qxd7+
Kxd7 28. Bxg7 Bxg7 29. b3 Rg8 30. Rc4 e5 31. f4 d5 32. Rc5 Kd6 33. Rxa5 e4 34.
f5 Bd4+ 35. Kg2 Bc3 36. h4 e3 37. Kf3 d4 38. h5 1-0

[Event "4NCL Online Division 3"]
[Site "online"]
[Date "2020.05.12"]
[Round "6.133"]
[White "Turner, Jon"]
[Black "Jost, Jan Niklas"]
[Result "1-0"]
[WhiteElo "1885"]
[BlackElo "1840"]
[PlyCount "99"]
[EventDate "2020.05.12"]
[WhiteTeam "Warley Mighty Quins"]
[BlackTeam "3 Smarties 1 Tube"]

1. e4 c5 2. Nf3 d6 3. Bb5+ Nd7 4. O-O a6 5. Bxd7+ Bxd7 6. c3 Nf6 7. Re1 Bc6 8.
d3 e6 9. Bg5 Be7 10. Qd2 O-O 11. Na3 b5 12. Rac1 Rb8 13. Nc2 h6 14. Bf4 Nh5 15.
Be3 Nf6 16. h3 Ba8 17. Qe2 c4 18. Bd2 Qd7 19. Nh2 Qc6 20. f3 e5 21. d4 Nd7 22.
Nb4 Qc8 23. Kh1 Re8 24. Ng4 Nf6 25. Ne3 Nh5 26. Qf2 Nf4 27. Nf5 a5 28. Bxf4
axb4 29. Qg3 Qxf5 30. exf5 exf4 31. Qf2 bxc3 32. bxc3 Bd5 33. Rb1 Bc6 34. Rb2
Kf8 35. Qd2 Bg5 36. Rxe8+ Rxe8 37. Qf2 Re3 38. Rc2 Bd7 39. Qd2 Bh4 40. Rc1 Bxf5
41. Qb2 Bd7 42. Qa3 Ke7 43. Qa8 Bg3 44. Qd5 Re6 45. a4 bxa4 46. Qxc4 Re3 47.
Qb4 Re2 48. c4 Bf2 49. c5 d5 50. c6+ 1-0

[Event "4NCL Online Division 3"]
[Site "online"]
[Date "2020.05.12"]
[Round "6.134"]
[White "Eggl, Maximilian"]
[Black "Emery, Ian"]
[Result "1-0"]
[WhiteElo "1622"]
[BlackElo "1825"]
[PlyCount "61"]
[EventDate "2020.05.12"]
[WhiteTeam "3 Smarties 1 Tube"]
[BlackTeam "Warley Mighty Quins"]

1. c4 e5 2. Nc3 Nf6 3. g3 d5 4. cxd5 Nxd5 5. Bg2 Nxc3 6. bxc3 Nc6 7. e4 Qd3 8.
Qe2 Qxe2+ 9. Nxe2 Bg4 10. f3 Bh5 11. d4 exd4 12. cxd4 Bb4+ 13. Bd2 Bxd2+ 14.
Kxd2 Rd8 15. Ke3 O-O 16. Rab1 b6 17. Rhc1 Na5 18. Rxc7 Rc8 19. Rbc1 Rxc7 20.
Rxc7 a6 21. Nf4 Bg6 22. Nxg6 hxg6 23. e5 b5 24. Bf1 Re8 25. f4 f6 26. Ke4 g5
27. d5 Nc4 28. Bxc4 bxc4 29. Rxc4 Rb8 30. d6 Kf7 31. Rc7+ 1-0

[Event "4NCL Online Division 3"]
[Site "online"]
[Date "2020.05.12"]
[Round "6.141"]
[White "Bott, Simeon"]
[Black "Hylands, Liam M"]
[Result "0-1"]
[WhiteElo "1937"]
[BlackElo "1912"]
[PlyCount "122"]
[EventDate "2020.05.12"]
[WhiteTeam "Warwick University B"]
[BlackTeam "Streatham B"]

1. e4 c5 2. Nf3 e6 3. d4 cxd4 4. Nxd4 Nf6 5. Nc3 d6 6. g4 h6 7. h4 Nc6 8. Rg1
h5 9. gxh5 Nxh5 10. Bg5 Nf6 11. Qd2 Qb6 12. Nb3 a6 13. O-O-O Qc7 14. f4 b5 15.
Bg2 b4 16. Ne2 e5 17. f5 Bb7 18. Kb1 a5 19. c3 a4 20. Na1 Na5 21. Bxf6 gxf6 22.
cxb4 Nc4 23. Qc2 Bh6 24. Rd3 Rg8 25. Bf3 Rxg1+ 26. Nxg1 Rc8 27. a3 Qb6 28.
Qxa4+ Bc6 29. Qd1 Nd2+ 30. Ka2 Bxe4 31. Rxd2 Bxd2 32. Qxd2 Bxf5 33. Ne2 Be6+
34. b3 Qf2 35. Bb7 Rc7 36. Ba6 Ke7 37. Nc2 Bf5 38. Ne3 Be6 39. a4 f5 40. Ka3 f4
41. Nd5+ Bxd5 42. Qxd5 f3 43. b5 fxe2 44. b6 e1=Q 45. bxc7 Qc1+ 46. Kb4 Qb6+
47. Bb5 Qcc5+ 48. Qxc5 Qxc5+ 49. Ka5 Qxc7+ 50. Ka6 Qc8+ 51. Ka5 Qa8+ 52. Kb6 e4
53. Bc6 Qb8+ 54. Bb7 d5 55. a5 Kd6 56. a6 Qc7+ 57. Kb5 Qc5+ 58. Ka4 e3 59. h5
e2 60. h6 e1=Q 61. h7 Qa1# 0-1

[Event "4NCL Online Division 3"]
[Site "online"]
[Date "2020.05.12"]
[Round "6.142"]
[White "French, Angus J"]
[Black "Behler, Paul"]
[Result "0-1"]
[WhiteElo "1952"]
[BlackElo "1750"]
[PlyCount "132"]
[EventDate "2020.05.12"]
[WhiteTeam "Streatham B"]
[BlackTeam "Warwick University B"]

1. e4 e6 2. d4 d5 3. Nc3 Bb4 4. e5 c5 5. a3 Bxc3+ 6. bxc3 Ne7 7. Qg4 Qc7 8.
Qxg7 Rg8 9. Qxh7 cxd4 10. Ne2 dxc3 11. f4 Nbc6 12. Qd3 d4 13. Nxd4 Nxd4 14.
Qxd4 Bd7 15. Rg1 Rh8 16. h3 Nf5 17. Qf2 Bc6 18. g4 Nh4 19. Rg3 Qa5 20. Bc4
O-O-O 21. Be3 Qa4 22. Bd3 Be4 23. Bxa7 Ng2+ 24. Kf1 Nxf4 25. Bxe4 Qxe4 26. Qc5+
Kd7 27. Qb5+ Qc6 28. Rd1+ Nd5 29. Qxc6+ Kxc6 30. Bd4 Kb5 31. Rb1+ Kc4 32. Bxc3
Rc8 33. Bb4 Kd4 34. c3+ Kxe5 35. Rf3 f5 36. Re1+ Kf6 37. gxf5 exf5 38. Rd3 Rcd8
39. Kf2 Nxb4 40. Rxd8 Rxd8 41. cxb4 b5 42. Re3 Rd5 43. Rc3 Kg5 44. Kg3 Rd1 45.
Kf3 Rh1 46. Kg2 Ra1 47. Kf3 Rh1 48. Kg2 Ra1 49. Rg3+ Kh4 50. Rf3 Ra2+ 51. Kf1
Kg5 52. Kg1 Rb2 53. Kf1 f4 54. Kg1 Ra2 55. Kf1 Kf5 56. Rc3 Ke4 57. Kg1 Kd4 58.
Rf3 Ke4 59. Rc3 f3 60. h4 Kf4 61. h5 Kg3 62. Rc1 Rxa3 63. Kf1 Rb3 64. Ke1 Rxb4
65. h6 Rh4 66. Rc6 f2+ 0-1

[Event "4NCL Online Division 3"]
[Site "online"]
[Date "2020.05.12"]
[Round "6.143"]
[White "Koltai, Daniel"]
[Black "Titorenko, Kostyantyn"]
[Result "1-0"]
[WhiteElo "1822"]
[BlackElo "1930"]
[PlyCount "101"]
[EventDate "2020.05.12"]
[WhiteTeam "Warwick University B"]
[BlackTeam "Streatham B"]

1. e4 e5 2. Nf3 Nc6 3. Bb5 a6 4. Ba4 Nf6 5. O-O Nxe4 6. Re1 Nc5 7. Bxc6 dxc6 8.
Nxe5 Be7 9. d4 Ne6 10. c3 O-O 11. Nd2 c5 12. Ndf3 cxd4 13. cxd4 Qd5 14. Be3 f6
15. Nd3 Bd6 16. b3 Qh5 17. h3 Bd7 18. Nd2 Qg6 19. Nc4 Bc6 20. Qg4 Qxg4 21. hxg4
Rad8 22. Rad1 Bd5 23. f4 Rfe8 24. f5 Nf8 25. Kf2 Be7 26. Nf4 Bf7 27. d5 b5 28.
Na5 Bb4 29. Bd2 Rxe1 30. Bxe1 Bd6 31. Ne6 Nxe6 32. dxe6 Be8 33. Ke2 b4 34. Rd4
Bb5+ 35. Kf3 Rb8 36. Ke4 g6 37. Kd5 Bf1 38. e7 Bxe7 39. Ke6 Bd6 40. Kxf6 Re8
41. Rxd6 cxd6 42. Bxb4 gxf5 43. gxf5 d5 44. g4 Re4 45. Nc6 Rxg4 46. Ne7+ Kh8
47. Bd2 d4 48. Bh6 Bd3 49. Kf7 Rg2 50. f6 Bg6+ 51. Kf8 1-0

[Event "4NCL Online Division 3"]
[Site "online"]
[Date "2020.05.12"]
[Round "6.144"]
[White "Smith, Martin G"]
[Black "Chiu, Chun"]
[Result "1/2-1/2"]
[WhiteElo "1945"]
[BlackElo "1397"]
[PlyCount "98"]
[EventDate "2020.05.12"]
[WhiteTeam "Streatham B"]
[BlackTeam "Warwick University B"]

1. d4 d5 2. Nf3 Nf6 3. c4 e6 4. g3 c6 5. Bg2 Be7 6. O-O O-O 7. Nbd2 Nbd7 8. Qc2
Qc7 9. e4 dxe4 10. Nxe4 Nxe4 11. Qxe4 Nf6 12. Qc2 Rd8 13. Rd1 a6 14. a3 Bd7 15.
c5 Nd5 16. Ne5 Bf6 17. Nc4 e5 18. Bxd5 cxd5 19. Nb6 exd4 20. Bf4 Qc6 21. Nxa8
Rxa8 22. Re1 b6 23. Rac1 d3 24. Qxd3 bxc5 25. Be5 Bxe5 26. Rxe5 Be6 27. Qe3 Rc8
28. h4 a5 29. Qc3 Qc7 30. Qe1 Qb6 31. Rc2 a4 32. Rce2 Rc6 33. Rxd5 Rc8 34. Rde5
h6 35. Qc3 c4 36. Kh2 Rb8 37. Rxe6 fxe6 38. Qxc4 Qb3 39. Qxe6+ Qxe6 40. Rxe6
Rxb2 41. Ra6 Rxf2+ 42. Kh3 h5 43. Rxa4 Kh7 44. Ra6 Ra2 45. a4 Kh8 46. Ra5 g6
47. Ra7 Kg8 48. a5 Kh8 49. a6 Kg8 1/2-1/2

[Event "4NCL Online Division 3"]
[Site "online"]
[Date "2020.05.12"]
[Round "6.151"]
[White "Pigott, Darrell N"]
[Black "Gluckman, Tim"]
[Result "1/2-1/2"]
[WhiteElo "1900"]
[BlackElo "1907"]
[PlyCount "62"]
[EventDate "2020.05.12"]
[WhiteTeam "Watford 2"]
[BlackTeam "Catford Cosmonauts 2"]

1. e4 d6 2. d4 Nf6 3. Nc3 g6 4. f3 Bg7 5. Be3 a6 6. Qd2 b5 7. h4 h5 8. Nh3 Nbd7
9. O-O-O Bb7 10. Kb1 c5 11. dxc5 Nxc5 12. e5 Nfd7 13. exd6 O-O 14. dxe7 Qxe7
15. Bg5 Qe5 16. Bf4 Qe6 17. Re1 Qc6 18. Ng5 Nb6 19. Qd6 Nba4 20. Nxa4 Nxa4 21.
Qxc6 Bxc6 22. Bc1 Ra7 23. Bd3 Nc5 24. Be3 Nxd3 25. Bxa7 Nxe1 26. Rxe1 Rd8 27.
Be3 Re8 28. Bd2 Rd8 29. Ba5 Rd4 30. Bc3 Rxh4 31. Bxg7 Kxg7 1/2-1/2

[Event "4NCL Online Division 3"]
[Site "online"]
[Date "2020.05.12"]
[Round "6.152"]
[White "Allen, John P"]
[Black "Sloan, Cecil"]
[Result "1-0"]
[WhiteElo "1915"]
[BlackElo "1735"]
[PlyCount "43"]
[EventDate "2020.05.12"]
[WhiteTeam "Catford Cosmonauts 2"]
[BlackTeam "Watford 2"]

1. e4 c5 2. c3 g6 3. d4 cxd4 4. cxd4 d5 5. e5 Bg7 6. Nc3 Nc6 7. Be3 f6 8. f4
Be6 9. Nf3 Nh6 10. Be2 O-O 11. h3 f5 12. Ng5 Qd7 13. Bf3 Rfd8 14. Nxe6 Qxe6 15.
Qb3 Na5 16. Bxd5 Qxd5 17. Qxd5+ Rxd5 18. Nxd5 e6 19. Nc7 Rc8 20. Nxe6 Kf7 21.
Nxg7 Kxg7 22. Rc1 1-0

[Event "4NCL Online Division 3"]
[Site "online"]
[Date "2020.05.12"]
[Round "6.153"]
[White "Littlefair, Paul"]
[Black "Turner, Howard"]
[Result "1/2-1/2"]
[WhiteElo "1727"]
[BlackElo "1885"]
[PlyCount "31"]
[EventDate "2020.05.12"]
[WhiteTeam "Watford 2"]
[BlackTeam "Catford Cosmonauts 2"]

1. e4 Nc6 2. d4 e5 3. Nf3 exd4 4. Nxd4 Nf6 5. Nc3 Bb4 6. Bg5 h6 7. Nxc6 bxc6 8.
Bd2 O-O 9. Bd3 Re8 10. O-O Bxc3 11. Bxc3 Nxe4 12. Bxe4 Rxe4 13. Qf3 d5 14. Rfe1
Qe7 15. Rxe4 dxe4 16. Qe3 1/2-1/2

[Event "4NCL Online Division 3"]
[Site "online"]
[Date "2020.05.12"]
[Round "6.154"]
[White "Alvares, Owen"]
[Black "Shaw, David K"]
[Result "0-1"]
[WhiteElo "1840"]
[BlackElo "1690"]
[PlyCount "92"]
[EventDate "2020.05.12"]
[WhiteTeam "Catford Cosmonauts 2"]
[BlackTeam "Watford 2"]

1. e4 e6 2. d3 d5 3. exd5 exd5 4. Nf3 Nf6 5. Be2 Bd6 6. h3 O-O 7. O-O b6 8. Bg5
c5 9. Qd2 Bb7 10. c4 d4 11. Bf4 Nc6 12. Nh2 Ne5 13. Bg3 Qc7 14. Qd1 Rfe8 15.
Bf3 Nxf3+ 16. Nxf3 Bxg3 17. fxg3 Qxg3 18. Nbd2 Re7 19. Rf2 Rae8 20. Nf1 Qd6 21.
Qd2 Nh5 22. Qg5 Bxf3 23. Rxf3 Re5 24. Rf5 Rxf5 25. Qxf5 Nf4 26. g3 Ng6 27. Rd1
Re2 28. Qf3 Qe7 29. Rd2 Rxd2 30. Nxd2 Qe3+ 31. Qxe3 dxe3 32. Nf3 f6 33. Kf1 Kf7
34. Ke2 Ke6 35. Kxe3 Ne5 36. Nxe5 Kxe5 37. a3 f5 38. b4 g5 39. d4+ cxd4+ 40.
Kd3 f4 41. g4 a6 42. a4 h6 43. b5 a5 44. Kd2 Kd6 45. Kc2 Kc5 46. Kd3 f3 0-1

[Event "4NCL Online Division 3"]
[Site "online"]
[Date "2020.05.12"]
[Round "6.161"]
[White "Carpenter, Stephen C D"]
[Black "De Jonge, Henk"]
[Result "0-1"]
[WhiteElo "1907"]
[BlackElo "1945"]
[PlyCount "62"]
[EventDate "2020.05.12"]
[WhiteTeam "Wimbledon 2"]
[BlackTeam "Cork"]

1. d4 Nf6 2. c4 g6 3. Nc3 Bg7 4. e4 d6 5. Nf3 O-O 6. Be2 Nbd7 7. O-O e5 8. Bg5
h6 9. Bh4 c6 10. Qc2 g5 11. Bg3 Nh5 12. d5 c5 13. Rad1 Ndf6 14. a3 Nf4 15. Bxf4
gxf4 16. h3 Nh7 17. Rfe1 b6 18. b4 Bd7 19. Rb1 Qf6 20. bxc5 bxc5 21. Rb7 Bc8
22. Rb3 Qg6 23. Kh2 Bf6 24. Rg1 Kh8 25. g3 fxg3+ 26. Rxg3 Bg5 27. Nxg5 hxg5 28.
Rb1 f5 29. Bf3 f4 30. Rg2 Bxh3 31. Bg4 Bxg4 0-1

[Event "4NCL Online Division 3"]
[Site "online"]
[Date "2020.05.12"]
[Round "6.162"]
[White "Watkins, Mark R"]
[Black "Tello, Yasser"]
[Result "1-0"]
[WhiteElo "1731"]
[BlackElo "1900"]
[PlyCount "81"]
[EventDate "2020.05.12"]
[WhiteTeam "Cork"]
[BlackTeam "Wimbledon 2"]

1. d4 Nf6 2. c4 e6 3. g3 d5 4. Bg2 Be7 5. Nf3 O-O 6. O-O Nbd7 7. Qc2 b6 8. cxd5
exd5 9. Bf4 c5 10. Nc3 Bb7 11. Rfd1 a6 12. Na4 Rc8 13. dxc5 Nxc5 14. Nxc5 Bxc5
15. Qd3 b5 16. Rac1 Qb6 17. e3 h6 18. Be5 Rfd8 19. Bh3 Rc6 20. Nd4 Bxd4 21.
Bxd4 Qc7 22. Rxc6 Qxc6 23. b3 Bc8 24. Bg2 Bg4 25. Rd2 Qc1+ 26. Bf1 Ne4 27. Rc2
Qe1 28. Bc3 Nxc3 29. Qxc3 Qb1 30. Qd3 Bh3 31. Rc8 Rxc8 32. Qxb1 Be6 33. Kg2 g6
34. h3 h5 35. Be2 Rc7 36. Qd1 Rb7 37. Bf3 Rd7 38. Qd4 Rc7 39. a4 bxa4 40. Qxa4
Rc3 41. b4 1-0

[Event "4NCL Online Division 3"]
[Site "online"]
[Date "2020.05.12"]
[Round "6.163"]
[White "Silva Peña, Ángel David"]
[Black "Bradley, Michael"]
[Result "1-0"]
[WhiteElo "1862"]
[BlackElo "1411"]
[PlyCount "97"]
[EventDate "2020.05.12"]
[WhiteTeam "Wimbledon 2"]
[BlackTeam "Cork"]

1. e4 c5 2. Nf3 d6 3. d4 cxd4 4. Nxd4 Nf6 5. Nc3 a6 6. Bg5 e6 7. f4 h6 8. Bh4
Be7 9. Qf3 Qc7 10. O-O-O Nbd7 11. g4 g5 12. Bg3 gxf4 13. Bh4 Ne5 14. Qxf4 Nfxg4
15. Bxe7 Qxe7 16. h3 Nf6 17. Be2 Bd7 18. Rdf1 b5 19. Qxf6 Qf8 20. Bh5 b4 21.
Nxe6 Bxe6 22. Qxe6+ Kd8 23. Qf6+ Kd7 24. Nd5 Rb8 25. Bxf7 Nxf7 26. Qxf7+ Qxf7
27. Rxf7+ Kc6 28. Rg1 Rhe8 29. Re7 Rf8 30. Rgg7 Kc5 31. Rgf7 Rg8 32. Rc7+ Kd4
33. c3+ Kd3 34. Rf1 Ke2 35. Rcf7 bxc3 36. Nxc3+ Kd3 37. R7f3+ Kc4 38. Kc2 Rbc8
39. b3+ Kd4 40. Rd3+ Ke5 41. Rf5+ Ke6 42. Rfd5 Rg2+ 43. Rd2 Rg3 44. Rxd6+ Ke5
45. R6d3 Rxd3 46. Rxd3 h5 47. Rd5+ Kf4 48. Rxh5 Kg3 49. Rh7 1-0

[Event "4NCL Online Division 3"]
[Site "online"]
[Date "2020.05.12"]
[Round "6.164"]
[White "Shindgi, Sumanth"]
[Black "Hernandez, Federico"]
[Result "1-0"]
[WhiteElo "1353"]
[BlackElo "1795"]
[PlyCount "125"]
[EventDate "2020.05.12"]
[WhiteTeam "Cork"]
[BlackTeam "Wimbledon 2"]

1. d4 Nf6 2. c4 e6 3. Nc3 d5 4. cxd5 exd5 5. Bg5 Be7 6. Nf3 O-O 7. e3 Bg4 8.
Be2 c6 9. O-O h6 10. Bf4 Nh5 11. Be5 Nd7 12. h3 Nxe5 13. Nxe5 Bxe2 14. Nxe2 Bd6
15. Nf3 f5 16. Qb3 Qe7 17. Ne5 Bxe5 18. dxe5 Rf7 19. f4 g5 20. g4 fxg4 21. hxg4
gxf4 22. exf4 Qh4 23. Rf2 Rg7 24. Qf3 Qxg4+ 25. Qxg4 Rxg4+ 26. Rg2 Rxg2+ 27.
Kxg2 Ng7 28. Rg1 Kf7 29. Kf3 Nf5 30. Kg4 Kg6 31. Kf3+ Kf7 32. Kg4 Ne3+ 33. Kh5
Rh8 34. Rg6 c5 35. f5 d4 36. e6+ Ke8 37. f6 d3 38. Nc3 d2 39. f7+ Kf8 40. Rxh6
Rxh6+ 41. Kxh6 d1=Q 42. Nxd1 Nxd1 43. b3 Ne3 44. Kg5 Nd5 45. Kf5 Ke7 46. Ke5
Nc7 47. a4 b6 48. f8=Q+ Kxf8 49. Kd6 Na6 50. Kd7 Nb8+ 51. Kd8 Nc6+ 52. Kd7 Ne7
53. Kc7 Nd5+ 54. Kd7 a6 55. Kc6 b5 56. axb5 axb5 57. Kxd5 c4 58. bxc4 b4 59. c5
b3 60. c6 Ke8 61. c7 b2 62. c8=Q+ Ke7 63. Qd7+ 1-0

[Event "4NCL Online Division 3"]
[Site "online"]
[Date "2020.05.19"]
[Round "7.11"]
[White "Hookham, Jamie"]
[Black "Lockett, Karl"]
[Result "1-0"]
[WhiteElo "2029"]
[BlackElo "1810"]
[PlyCount "37"]
[EventDate "2020.05.19"]
[WhiteTeam "3 Smarties 1 Tube"]
[BlackTeam "Crewe"]

1. e4 b6 2. d4 Bb7 3. Nc3 e6 4. Bd3 Bb4 5. Nge2 Nf6 6. O-O c5 7. e5 Nd5 8. Nxd5
Bxd5 9. c4 Bb7 10. a3 Ba5 11. Rb1 Qe7 12. Ng3 Nc6 13. Ne4 O-O 14. Qg4 Kh8 15.
Nd6 Rab8 16. Bg5 f6 17. Qh4 h6 18. exf6 gxf6 19. Bxh6 1-0

[Event "4NCL Online Division 3"]
[Site "online"]
[Date "2020.05.19"]
[Round "7.12"]
[White "Renegade, Richard"]
[Black "Barron, Luke J"]
[Result "1-0"]
[WhiteElo "1735"]
[BlackElo "1927"]
[PlyCount "57"]
[EventDate "2020.05.19"]
[WhiteTeam "Crewe"]
[BlackTeam "3 Smarties 1 Tube"]

1. e4 d6 2. d4 Nf6 3. Bd3 e5 4. d5 Nbd7 5. c4 Nc5 6. Nc3 Nxd3+ 7. Qxd3 Be7 8.
f4 exf4 9. Bxf4 Nh5 10. Bd2 Bh4+ 11. g3 Bf6 12. O-O-O a6 13. Qf3 g6 14. g4 Bxg4
15. Qxg4 b5 16. Nf3 bxc4 17. e5 dxe5 18. Rhe1 O-O 19. Nxe5 Bg7 20. Nc6 Qd6 21.
Ne4 Nf6 22. Nxf6+ Bxf6 23. Bb4 Qxh2 24. Rd2 Qh4 25. Qxh4 Bxh4 26. Bc3 h6 27.
Rg1 Bg5 28. Rxg5 hxg5 29. Ne7+ 1-0

[Event "4NCL Online Division 3"]
[Site "online"]
[Date "2020.05.19"]
[Round "7.13"]
[White "Porter, James D"]
[Black "Gardiner, Harry"]
[Result "1-0"]
[WhiteElo "1749"]
[BlackElo "1697"]
[PlyCount "101"]
[EventDate "2020.05.19"]
[WhiteTeam "3 Smarties 1 Tube"]
[BlackTeam "Crewe"]

1. e4 c5 2. Nc3 Nc6 3. f4 g6 4. Nf3 Bg7 5. Bc4 e6 6. d3 Nge7 7. O-O O-O 8. Qe1
d5 9. Bb3 dxe4 10. Nxe4 Nd5 11. Kh1 b6 12. Rb1 Nd4 13. Ne5 Nxb3 14. axb3 Qc7
15. Qh4 h5 16. c4 Ne7 17. Nf6+ Bxf6 18. Qxf6 Nf5 19. Nf3 Qd8 20. Qc3 Bb7 21.
Bd2 Nd4 22. Ng5 h4 23. Rbe1 b5 24. cxb5 Qd5 25. Rf2 Qxb3 26. Be3 Qxb5 27. b4
Nf5 28. Bxc5 Rac8 29. Qf6 Rxc5 30. bxc5 Qxc5 31. Rb2 Qc6 32. Ne4 a5 33. Qe5 f6
34. Nxf6+ Rxf6 35. Qxf6 h3 36. Qxe6+ Qxe6 37. Rxe6 hxg2+ 38. Kg1 Nd4 39. Rxg6+
Kf7 40. Rgxg2 Bxg2 41. Kxg2 Kg6 42. Ra2 Kf5 43. Kg3 a4 44. h4 a3 45. h5 Nb5 46.
Re2 Nc3 47. Re5+ Kf6 48. Ra5 a2 49. Kg4 Kg7 50. Kg5 Ne4+ 51. dxe4 1-0